Most famous people (part 1) - Statistics

General Stats
  • This quiz has been taken 70 times
  • The average score is 12 of 15
Answer Stats
Picture Hint Answer % Correct
Religious Figure Jesus
100%
Physicist Isaac Newton
97%
Politician Adolf Hitler
95%
Politician Napoleon
94%
Inventor,Painter Leonardo da Vinci
92%
Composer Ludwig van Beethoven
91%
Composer Wolfgang Amadeus Mozart
91%
Military Personnel Genghis Khan
84%
Religious Figure Muhammad
81%
Astronomer Galileo Galilei
70%
Philisopher Plato
64%
Philosopher Aristotle
61%
Military Personnel Alexander the Great
56%
Philisopher Socrates
56%
Explorer Marco Polo
42%
No matching quizzes found
Score Distribution
Percent of People with Each Score
Percentile by Number Answered
Your Score History
You have not taken this quiz